Flora silvestre de Chile: Zona Central. Una guía para la identificación de las especies vegetales más frecuentes

Saved in:
Bibliografiske detaljer
Hovedforfatter: Hoffmann J., Adriana E (Author)
Format: Bog
Sprog:spansk
Udgivet: Santiago Fundación Claudio Gay 1998
Udgivelse:Cuarta edición
Fag:
Tags: Tilføj Tag
Ingen Tags, Vær først til at tagge denne postø!

MARC

LEADER 00000nam a2200000 a 4500
001 UCP4828
003 CL-VaPUC
005 20250225092637.0
008 990821e19980000CL |||||||||||||||||spa|d
999 |c 282725  |d 282723 
020 |a 9567743037 
040 |c Pontificia Universidad Católica de Valparaíso 
082 0 4 |a 582.13 HOF 1998  |2 21 
100 |a Hoffmann J., Adriana E  |e author  |9 598071 
245 1 0 |a Flora silvestre de Chile: Zona Central. Una guía para la identificación de las especies vegetales más frecuentes 
250 |a Cuarta edición 
260 |a Santiago  |b Fundación Claudio Gay  |c 1998 
300 |a 254 páginas 
583 |a last modification  |c 20140106 04:04:02  |k Rodrigo Vera 
650 7 |a FLORA  |2 CL-VaPUC  |9 264745 
650 0 |a Recursos vegetales  |9 356886 
650 7 |a PLANTAS SILVESTRES  |2 CL-VaPUC  |9 347474 
650 7 |a PASTOS  |2 CL-VaPUC  |9 264233 
942 |c BK  |2 ddc 
945 |d 19990821 00:00:00  |a rbrito 
952 |0 0  |1 0  |4 0  |6 582_130000000000000_HOF_1998  |7 0  |8 A  |9 324995  |a BIBCUR  |b BIBCUR  |d 2019-11-20  |i 3552543  |o 582.13 HOF 1998  |p 3552543  |r 2025-04-22  |t 1  |w 2019-11-20  |y BK  |k BIO 
952 |0 0  |1 0  |2 ddc  |4 0  |6 582_130000000000000_HOF_1998  |7 0  |8 A  |9 324996  |a BIBCUR  |b BIBCUR  |d 2019-11-20  |i 3754758  |o 582.13 HOF 1998  |p 3754758  |r 2025-04-22  |t 2  |w 2019-11-20  |y BK  |k BAC 
952 |0 0  |1 0  |2 ddc  |4 0  |6 582_130000000000000_HOF_1998  |7 0  |8 A  |9 324997  |a BIBCUR  |b BIBCUR  |d 2019-11-20  |i 381372K  |l 2  |o 582.13 HOF 1998  |p 381372K  |r 2025-04-22  |s 2023-10-13  |t 3  |w 2019-11-20  |y BK  |k BIO 
952 |0 0  |1 0  |2 ddc  |4 0  |6 582_130000000000000_HOF_1998  |7 0  |8 R  |9 324998  |a BIBAGR  |b BIBAGR  |d 2019-11-20  |i 3845400  |l 5  |o 582.13 HOF 1998  |p 3845400  |r 2025-01-20  |s 2023-08-25  |t 13  |w 2019-11-20  |y BK_R  |k AGR 
952 |0 0  |1 0  |2 ddc  |4 0  |6 582_130000000000000_HOF_1998  |7 0  |8 A  |9 324999  |a BIBCUR  |b BIBCUR  |d 2019-11-20  |i 403693K  |l 1  |o 582.13 HOF 1998  |p 403693K  |r 2025-04-22  |s 2023-09-06  |t 4  |w 2019-11-20  |y BK  |k BIO 
952 |0 0  |1 0  |2 ddc  |4 0  |6 582_130000000000000_HOF_1998  |7 0  |8 A  |9 325000  |a BIBCUR  |b BIBCUR  |d 2019-11-20  |i 4036948  |l 4  |o 582.13 HOF 1998  |p 4036948  |r 2025-04-22  |s 2024-03-21  |t 5  |w 2019-11-20  |y BK  |k BIO 
952 |0 0  |1 0  |2 ddc  |4 0  |6 582_130000000000000_HOF_1998  |7 0  |8 A  |9 325001  |a BIBCUR  |b BIBCUR  |d 2019-11-20  |i 4055047  |l 1  |o 582.13 HOF 1998  |p 4055047  |r 2025-04-22  |s 2024-11-06  |t 6  |w 2019-11-20  |y BK  |k BIO 
952 |0 0  |1 0  |2 ddc  |4 0  |6 582_130000000000000_HOF_1998  |7 0  |8 A  |9 325002  |a BIBCUR  |b BIBCUR  |d 2019-11-20  |i 4055055  |l 1  |o 582.13 HOF 1998  |p 4055055  |r 2025-04-22  |s 2024-06-04  |t 7  |w 2019-11-20  |y BK  |k BIO 
952 |0 0  |1 0  |2 ddc  |4 0  |6 582_130000000000000_HOF_1998  |7 0  |8 A  |9 325003  |a BIBING  |b BIBING  |d 2019-11-20  |i 4428994  |l 1  |o 582.13 HOF 1998  |p 4428994  |r 2025-01-20  |s 2024-10-09  |t 12  |w 2019-11-20  |y BK  |k GEO 
952 |0 0  |1 0  |2 ddc  |4 0  |6 582_130000000000000_HOF_1998  |7 0  |8 R  |9 325004  |a BIBAGR  |b BIBAGR  |d 2019-11-20  |i 4437403  |l 6  |o 582.13 HOF 1998  |p 4437403  |r 2025-03-31  |s 2025-03-27  |t 14  |w 2019-11-20  |y BK_R  |k AGR 
952 |0 0  |1 0  |2 ddc  |4 0  |6 582_130000000000000_HOF_1998  |7 0  |8 A  |9 325005  |a BIBCUR  |b BIBCUR  |d 2019-11-20  |i 4504305  |l 2  |o 582.13 HOF 1998  |p 4504305  |r 2025-04-22  |s 2023-08-18  |t 8  |w 2019-11-20  |y BK  |k BIO 
952 |0 0  |1 0  |2 ddc  |4 0  |6 582_130000000000000_HOF_1998  |7 0  |8 A  |9 325006  |a BIBCUR  |b BIBCUR  |d 2019-11-20  |i 4504313  |l 5  |m 1  |o 582.13 HOF 1998  |p 4504313  |r 2025-04-22  |s 2024-04-04  |t 9  |w 2019-11-20  |y BK  |k BIO 
952 |0 0  |1 0  |2 ddc  |4 0  |6 582_130000000000000_HOF_1998  |7 0  |8 R  |9 325007  |a BIBAGR  |b BIBAGR  |d 2019-11-20  |i 4559363  |l 4  |o 582.13 HOF 1998  |p 4559363  |r 2025-01-20  |s 2023-08-25  |t 15  |w 2019-11-20  |y BK_R  |k AGR 
952 |0 0  |1 0  |2 ddc  |4 0  |6 582_130000000000000_HOF_1998  |7 0  |8 R  |9 325008  |a BIBAGR  |b BIBAGR  |d 2019-11-20  |i 4559371  |l 6  |m 2  |o 582.13 HOF 1998  |p 4559371  |r 2025-03-24  |s 2025-03-21  |t 16  |w 2019-11-20  |y BK_R  |k AGR 
952 |0 0  |1 0  |2 ddc  |4 0  |6 582_130000000000000_HOF_1998  |7 0  |8 R  |9 325009  |a BIBAGR  |b BIBAGR  |d 2019-11-20  |i 455938K  |l 4  |o 582.13 HOF 1998  |p 455938K  |r 2025-01-20  |s 2023-09-29  |t 17  |w 2019-11-20  |y BK_R  |k AGR 
952 |0 0  |1 0  |2 ddc  |4 0  |6 582_130000000000000_HOF_1998  |7 0  |8 A  |9 325010  |a BIBCUR  |b BIBCUR  |d 2019-11-20  |i 4599373  |l 1  |m 1  |o 582.13 HOF 1998  |p 4599373  |r 2025-04-22  |s 2023-08-07  |t 10  |w 2019-11-20  |y BK  |k BIO 
952 |0 0  |1 0  |2 ddc  |4 0  |6 582_130000000000000_HOF_1998  |7 0  |8 A  |9 325011  |a BIBCUR  |b BIBCUR  |d 2019-11-20  |i 4599381  |l 7  |m 3  |o 582.13 HOF 1998  |p 4599381  |r 2025-04-22  |s 2024-10-16  |t 11  |w 2019-11-20  |y BK  |k BIO